Perfiles revelados : Historia de mujeres en Chile siglos XVIII - XX /

Desde una diversidad de enfoques históricos esta obra aborda la situación cultural de la mujer en el plano social. Rastreando los modelos en los cuales se ha enmarcado socialmente al sujeto femenino como también examinando documentación relativa a prácticas de la marginalidad (prostitución, delincue...

Full description

Bibliographic Details
Other Authors: Veneros Ruiz-Tagle, Diana ed
Format: Libro
Language:Spanish
Published: Santiago, Chile Universidad de Santiago de Chile 1997
Edition:1a. ed.
Series:Ciencias Sociales. Historia
Subjects:
Online Access:

MARC

LEADER 00000cam a2200000 a 4500
001 005278
003 UAHC_CL
005 20170803120123.0
008 070523b1997 cl 000 spa
020 |a 9567069204 
040 |a UAHC_CL  |c UAHC_CL  |d UAHC_CL 
245 1 0 |a Perfiles revelados :  |b Historia de mujeres en Chile siglos XVIII - XX /  |c Diana Veneros Ruiz-Tagle, editora. 
250 |a 1a. ed. 
260 |b Universidad de Santiago de Chile  |a Santiago, Chile  |c 1997 
300 |a 242 p. 
490 0 |a Ciencias Sociales. Historia 
520 |a Desde una diversidad de enfoques históricos esta obra aborda la situación cultural de la mujer en el plano social. Rastreando los modelos en los cuales se ha enmarcado socialmente al sujeto femenino como también examinando documentación relativa a prácticas de la marginalidad (prostitución, delincuencia) y violencia conyugal. Indaga aspectos concretos de la vida de las mujeres desde el siglo XVIII a principios del siglo XX. 
650 4 |a MUJERES  |z CHILE  |x HISTORIA 
653 |a SOCIOLOGIA 
700 1 |a Veneros Ruiz-Tagle, Diana  |c ed. 
900 |a 305.40983 PER 
942 |c BK 
952 |0 0  |1 0  |4 0  |6 305_409830000000000_PER  |7 0  |8 General  |9 11554  |a BC  |b BC  |c General  |d 2017-08-03  |l 0  |o 305.40983 PER  |p 1358320  |r 2026-01-13 00:00:00  |t 1  |w 2017-08-03  |y BK 
952 |0 0  |1 0  |4 0  |6 305_409830000000000_PER  |7 0  |8 General  |9 11555  |a BC  |b BC  |c General  |d 2017-08-03  |l 1  |o 305.40983 PER  |p 1358321  |r 2026-01-13 00:00:00  |s 2019-03-20  |t 2  |w 2017-08-03  |y BK 
952 |0 0  |1 0  |4 0  |6 305_409830000000000_PER  |7 0  |8 General  |9 11556  |a BC  |b BC  |c General  |d 2017-08-03  |l 0  |o 305.40983 PER  |p 1384342  |r 2026-01-13 00:00:00  |t 3  |w 2017-08-03  |y BK 
999 |c 5278  |d 5278